Torschützen des 5:0 von PSG gegen Inter Mailand - Statistiken

Allgemein
  • Dieses Quiz wurde 57 mal gespielt
  • Das Durchschnittsergebnis liegt bei 4 aus 5
Antwortstatistiken
PSG - Inter Mailand Torschütze % Korrekt
2:0 Désiré Doué
96%
3:0 Désiré Doué
96%
1:0 Achraf Hakimi
85%
4:0 Khvicha Kvaratskhelia
61%
5:0 Senny Mayulu
41%
Keine übereinstimmenden Quizze gefunden
Verteilung der Resultate
Anzahl Personen mit jedem Resultat
Perzentil nach korrekt beantworteten Fragen
Ihre Resultats-Entwicklung
Sie haben dieses Quiz noch nicht gespielt